<?xml version="1.0" encoding="UTF-8"?>
<record
    xmlns:xsi="http://www.w3.org/2001/XMLSchema-instance"
    xsi:schemaLocation="http://www.loc.gov/MARC21/slim http://www.loc.gov/standards/marcxml/schema/MARC21slim.xsd"
    xmlns="http://www.loc.gov/MARC21/slim">

  <leader>00523nam a22001097a 4500</leader>
  <controlfield tag="008">110621t        xxu||||| |||| 00| 0 eng d</controlfield>
  <datafield tag="010" ind1=" " ind2=" ">
    <subfield code="a">CACAF65</subfield>
  </datafield>
  <datafield tag="245" ind1=" " ind2=" ">
    <subfield code="a">Court ocf Appeal Civil Appeal No.45 of 2005 Uganda  Brewerie Ltd vs Gilbert Afayo            </subfield>
  </datafield>
  <datafield tag="260" ind1=" " ind2=" ">
    <subfield code="c">2005</subfield>
  </datafield>
  <datafield tag="500" ind1=" " ind2=" ">
    <subfield code="a">An Appeal from the decision of the High Court of Uganda sitting atKampala Okumu- wengi J   dated 1 march,2005 in high Court Civil Suit No. 580/02</subfield>
  </datafield>
  <datafield tag="999" ind1=" " ind2=" ">
    <subfield code="c">3452</subfield>
    <subfield code="d">3452</subfield>
  </datafield>
  <datafield tag="952" ind1=" " ind2=" ">
    <subfield code="0">0</subfield>
    <subfield code="1">0</subfield>
    <subfield code="2">ddc</subfield>
    <subfield code="4">0</subfield>
    <subfield code="6">452005</subfield>
    <subfield code="7">0</subfield>
    <subfield code="9">5646</subfield>
    <subfield code="a">MAIN</subfield>
    <subfield code="b">MAIN</subfield>
    <subfield code="c">LRP</subfield>
    <subfield code="d">2011-06-21</subfield>
    <subfield code="l">0</subfield>
    <subfield code="o">45/2005</subfield>
    <subfield code="p">45/2005/1</subfield>
    <subfield code="r">2011-06-21 00:00:00</subfield>
    <subfield code="w">2011-06-21</subfield>
    <subfield code="y">SMP</subfield>
  </datafield>
</record>
